Golpo nohoi (Record no. 3961)
[ view plain ]
| 000 -LEADER | |
|---|---|
| fixed length control field | 00502cam a2200205ua 4500 |
| 001 - CONTROL NUMBER | |
| control field | 4142 |
| 005 - DATE AND TIME OF LATEST TRANSACTION | |
| control field | 20260515113807.0 |
| 008 - FIXED-LENGTH DATA ELEMENTS--GENERAL INFORMATION | |
| fixed length control field | 111219n ii |||gr||||Z||||||asm |
| 040 ## - CATALOGING SOURCE | |
| Transcribing agency | MAIN |
| 082 ## - DEWEY DECIMAL CLASSIFICATION NUMBER | |
| Classification number | 891.4513 |
| 100 1# - MAIN ENTRY--PERSONAL NAME | |
| Personal name | Chaliha, Saurabh Kumar, |
| 245 11 - TITLE STATEMENT | |
| Title | Golpo nohoi |
| Statement of responsibility, etc. | by Saurabh Kumar Chaliha |
| 250 ## - EDITION STATEMENT | |
| Edition statement | 2nd. |
| 260 ## - PUBLICATION, DISTRIBUTION, ETC. | |
| Place of publication, distribution, etc. | Guwahati: |
| Name of publisher, distributor, etc. | LBS publication,988. |
| 300 ## - PHYSICAL DESCRIPTION | |
| Extent | 141p: |
| Dimensions | 23cm. |
| 653 ## - INDEX TERM--UNCONTROLLED | |
| Uncontrolled term | Assamese short stories |
| 653 ## - INDEX TERM--UNCONTROLLED | |
| Uncontrolled term | Golpo nohoi |
| 653 ## - INDEX TERM--UNCONTROLLED | |
| Uncontrolled term | Golpo nohoi |
| 942 ## - ADDED ENTRY ELEMENTS (KOHA) | |
| Koha item type | Books |
| Withdrawn status | Lost status | Damaged status | Not for loan | Home library | Current library | Shelving location | Date acquired | Total checkouts | Full call number | Barcode | Date last seen | Copy number | Price effective from | Koha item type |
|---|---|---|---|---|---|---|---|---|---|---|---|---|---|---|
| Naharkatiya College Library | Naharkatiya College Library | General stacks | 09/19/2020 | 891.4513 | CHA | 10496 | 09/19/2020 | 1 | 09/19/2020 | Books |